| 000 | 01034nac a22003377a 4500 | ||
|---|---|---|---|
| 001 | BR9700327 | ||
| 003 | BR-BrBNA | ||
| 005 | 20240105121905.0 | ||
| 008 | 230509b bl.|||m| |||| 00| 0 por d | ||
| 040 |
_aBR-BrBNA _bpor _cBiblioteca Nacional de Agricultura |
||
| 072 | _aF30 | ||
| 090 | _a1940 BR9700327 | ||
| 100 | 1 | _aGarcia Sa, J.P. | |
| 110 | 1 |
_aInstituto Agronomico do Parana, Londrina (Brasil) _95630 |
|
| 245 | 1 | _aComportamento de cultivares de sorgo forrageiro no Norte do Parana | |
| 260 | 3 |
_aLondrina, PR (Brasil): _c1990. |
|
| 300 | _a20 p. | ||
| 490 |
_aInforme da Pesquisa - Fundacao Instituto Agronomico do Parana (Brazil) _vno. 91 _xISSN 0100-9508 |
||
| 500 | _a11 tables | ||
| 650 | _aSorgo Forrageiro | ||
| 650 | _aComportamento de Variedade | ||
| 650 | _aFerro | ||
| 650 | _aProteina | ||
| 650 | _aConcentrado Proteico | ||
| 650 | _aMaturacao | ||
| 650 | _aMateria Seca | ||
| 650 | _aSilagem | ||
| 650 | _aParana | ||
| 909 |
_a202312 _bLúcia Elande _c55 _dLúcia Elande |
||
| 942 |
_2AGRIS _n0 _cMS |
||
| 999 |
_c288061 _d288061 |
||